Sense made of service of notices (Record no. 71631)

MARC details
000 -LEADER
fixed length control field 01287cam a2200217 4500
001 - CONTROL NUMBER
control field WB3844-13
008 - FIXED-LENGTH DATA ELEMENTS--GENERAL INFORMATION
fixed length control field 021125n2002 000 0 eng u
035 ## - SYSTEM CONTROL NUMBER
System control number (Sirsi) u120573
245 ## - TITLE STATEMENT
Title Sense made of service of notices
260 ## - PUBLICATION, DISTRIBUTION, ETC.
Date of publication, distribution, etc. 2002
490 ## - SERIES STATEMENT
Series statement Estates Gazette
Volume/sequential designation (0247) 23 November 2002, 145(1)
520 ## - SUMMARY, ETC.
Summary, etc. In "W X Investments Ltd v Begg" [2002] EWHC 925 (Ch); [2002] 1 WLR 2849 a step has been taken to refuse to follow controversial ruling made in "Stephenson and Sons v Orca Properties Ltd" [1989] 44 EG 81, where no one had been available to sign for delivery of rent review notice, so it was judged that it had not been served. WX Investments case ruled that Law of Property Act 1925 ensures that service of notice sent by recorded delivery cannot be denied, except where it is returned by post. In such a case, notice is accepted as having been served on date when it would have been delivered by ordinary post, regardless of whether someone is available to sign for it.
590 ## - LOCAL NOTE (RLIN)
Local note WB
650 ## - SUBJECT ADDED ENTRY--TOPICAL TERM
Topical term or geographic name entry element SERVING NOTICES
650 ## - SUBJECT ADDED ENTRY--TOPICAL TERM
Topical term or geographic name entry element W X INVESTMENTS LTD V BEGG
650 ## - SUBJECT ADDED ENTRY--TOPICAL TERM
Topical term or geographic name entry element LAW OF PROPERTY ACT 1925
650 ## - SUBJECT ADDED ENTRY--TOPICAL TERM
Topical term or geographic name entry element STEPHENSON AND SONS V ORCA PROPERTIES LTD
650 ## - SUBJECT ADDED ENTRY--TOPICAL TERM
Topical term or geographic name entry element HOLWELL SECURITIES LTD V HUGHES
690 ## - LOCAL SUBJECT ADDED ENTRY--TOPICAL TERM (OCLC, RLIN)
Topical term or geographic name as entry element PROPERTY-LANDLORD AND TENANT
942 ## - ADDED ENTRY ELEMENTS (KOHA)
Suppress in OPAC 0
Holdings
Withdrawn status Lost status Source of classification or shelving scheme Damaged status Not for loan Home library Current library Shelving location Date acquired Total Checkouts Full call number Barcode Date last seen Copy number Price effective from Koha item type
    Dewey Decimal Classification     London London News article 25/11/2002   WB3844-13 120573-1001 06/08/2019 1 06/08/2019 News article